Manual de laboratorio biología y física, para el 2 bachillerato : (Registro nro. 10259)

Detalles MARC
000 -LIDER
fixed length control field 00793nam a22002177a 4500
001 - NÚMERO DE CONTROL
Identificador de número de control 00003219
003 - IDENTIFICACDOR DE NÚMERO DE CONTROL
control field DO-SdBNP
005 - DATE AND TIME OF LATEST TRANSACTION
control field 20180307103654.0
007 - CAMPOS FIJOS DE DESCRIPCIÓN FÍSICA
fixed length control field 00003219
008 - ELEMENTOS DE LONGITUD FIJA
fixed length control field 160602b xxu||||| |||| 00| 0 spa d
020 ## - ISBN
International Standard Book Number 9789945467031
040 ## - FUENTE DE CATALOGACIÓN
Agencia que crea de manera original el registro BPMSU
Idioma de catalogación spa
Agencia que realiza la transcripción BPMSU
092 ## - LOCALLY ASSIGNED DEWEY DECIMAL CALL NUMBER
Número de clasificación xxxxx
Número de ítem (Cutter) xxxxx
245 ## - MENCIÓN DE TITULO
Título Manual de laboratorio biología y física, para el 2 bachillerato :
260 ## - PUBLICACIÓN, DISTRIBUCIÓN, ETC. (PIE DE IMPRENTA)
Lugar de publicación, distribución, etc Santo Domingo :
Nombre del editor, distribuidor, etc. Diseda,
Fecha de publicación, distribución, etc 201-?.
300 ## - DESCRIPCIÓN FÍSICA
Extensión 45 p. ;
Otros detalles físicos il. ;
Dimensiones 28 cm.
500 ## - NOTA GENERAL
Nota general Este texto está concebido y elaborado bajo los criterios y la estructura del currículo vigente para el 2do curso bachillerato, educación media, de la Secretaría de Estado de Educación.
942 ## - ADDED ENTRY ELEMENTS (KOHA)
Source of classification or shelving scheme Dewey Decimal Classification
Koha item type Libros
945 ## - INFORMACIÓN DE PROCESAMIENTO LOCAL
Información de procesamiento local inventariado, 2018 / dg
956 ## - LOCAL ELECTRONIC LOCATION AND ACCESS (OCLC)
Método de acceso LOPEREZ
Materiales especificados 10
Enlace 20160602
Campo enlazado y núm. de secuencia BPMSU
Nombre de host 00041
Existencias
Withdrawn status Lost status Source of classification or shelving scheme Damaged status Not for loan Collection code Home library Current library Date acquired Source of acquisition Total Checkouts Barcode Date last seen Price effective from Koha item type Copy number
    Dewey Decimal Classification       Biblioteca Pública Metropolitana Salomé Ureña Biblioteca Pública Metropolitana Salomé Ureña 06/02/2016 Donación   BPMSU16060032 06/02/2016 06/02/2016 Libros  
    Dewey Decimal Classification     Colección Escolar Biblioteca Pública Metropolitana Salomé Ureña Biblioteca Pública Metropolitana Salomé Ureña 03/07/2018 Donado   BPMSU18030021 03/07/2018 03/07/2018 Libros e. 2
    Dewey Decimal Classification     Colección Escolar Biblioteca Pública Metropolitana Salomé Ureña Biblioteca Pública Metropolitana Salomé Ureña 03/07/2018 Donado   BPMSU18030022 03/07/2018 03/07/2018 Libros ej. 3